000 00648nam a22002177a 4500
003 UA-OsUOA
001 97207
007 ta
008 20130327b un ||||| |||| 00| 0 ukr d
100 _aДенисов І.
090 _a330(477)
_bД33
942 _cSA
040 _aUA-OsUOA
_bukr
_cUA-OsUOA
_dUA-OsUOA
245 _aСучасний стан світового ринку роздрібних електронних платежів та роль комерційних банків
300 _aС.82-90
955 _a0
041 _aukr
080 _a330(477)
773 0 _w97201
650 7 _a330 Економіка взагалі
_2UDC
999 _c383460
_d383460